Missing Word: 10-Letter Movie Words II Quiz Stats

 Plays Quiz Updated Nov 2, 2012

Support Sporcle.
Go Orange.
Score 0/20 Timer 03:00
2 Plays Today
Film 10-Letter Word % Correct
Mission: __________Impossible
95.2%
Les __________Misérables
89.1%
Close __________ of the Third KindEncounters
84.4%
Fatal __________Attraction
82.9%
Terms of __________Endearment
81.1%
The Adventures of Rocky and __________Bullwinkle
78.1%
The Three __________Musketeers
75.7%
The Perks of Being a __________Wallflower
70.8%
Erin __________Brockovich
66.6%
Marie __________Antoinette
64.8%
Film 10-Letter Word % Correct
__________ MeDespicable
56.4%
The __________ HorrorAmityville
41.8%
My __________ is an AlienStepmother
38.5%
__________ LionsSecondhand
27.7%
__________ RidgeHeartbreak
25.5%
The __________ Who Went Up a Hill But Came Down a MountainEnglishman
23.3%
__________ ManDemolition
17%
The Girlfriend __________Experience
13.3%
__________ of WarCasualties
12.1%
The Fish That Saved __________Pittsburgh
11.4%

Today's Daily Dose

Word Ladder
ING Words

Get the Picture
Nearest Volcano

From the Vault

Less Than 5 Letter Pokémon

by ttv

Gaming 2m
Shorter words are way easier to shout at your opponents.
Remove Ads.
Support Sporcle.
Get the best of Sporcle when you Go Orange. This ad-free experience offers more features, more stats, and more fun while also helping to support Sporcle. Thank you for becoming a member.

Show Comments

Extras

Top Quizzes Today


Score Distribution

Your Account Isn't Verified!

In order to create a playlist on Sporcle, you need to verify the email address you used during registration. Go to your Sporcle Settings to finish the process.

Report this User

Report this user for behavior that violates our Community Guidelines.

Details: